|
|
|
|
| LEADER |
00000naa a2200000uu 4500 |
| 001 |
vtls011072308 |
| 003 |
SK-MaSNL |
| 005 |
20260302134756.0 |
| 008 |
210910|2011 xo |||||||||||||||||eng| |
| 015 |
|
|
|a SNBRA
|
| 035 |
|
|
|a (urnnbn)urn:nbn:sk:snk:ar-a0cbku
|
| 035 |
|
|
|a (uuid)2bc433de-3ed6-4551-844b-1da574429d07
|
| 035 |
|
|
|a urn:nbn:sk:snk-aavhu0
|
| 040 |
|
|
|a SNKBUCL
|b slo
|c SNKBUCL
|e AACR2
|
| 041 |
0 |
|
|a eng
|
| 044 |
|
|
|a xo
|c SK
|
| 100 |
1 |
|
|a Cs., Lipková
|4 aut
|9 776864
|
| 245 |
1 |
0 |
|a Kraft liquor - Source of material and energy
|c Cs. Lipková, A. Ház, A. Orságová, I. Šurina, M. Botková, R. Mikulášik, Š. Šutý
|
| 700 |
1 |
|
|a Ház, Aleš,
|d 1985-
|4 aut
|9 204345
|
| 700 |
1 |
|
|a Orságová, A.
|4 aut
|9 776863
|
| 700 |
1 |
|
|a Šurina, I.
|4 aut
|9 776865
|
| 700 |
1 |
|
|a Botková, M.
|4 aut
|9 776870
|
| 700 |
1 |
|
|a Mikulášik, R.
|4 aut
|9 776866
|
| 700 |
1 |
|
|a Šutý, Štefan,
|d 1965-
|4 aut
|9 220616
|
| 773 |
0 |
|
|t Power Engineering 2011
|d In Bratislava : Slovak University of Technology, 2011
|g S. 147-148
|z 9788089402403
|z 9788089402380
|
| 958 |
|
|
|a OND
|
| 958 |
|
|
|a article12
|
| 958 |
|
|
|a chapter
|
| 999 |
|
|
|c 1323921
|d 1325851
|